000 00413nam a22001697a 4500
003 MPLRDC
005 20220104143828.0
008 210129b ||||| |||| 00| 0 eng d
082 _a308.9 ESY-3 v.1 c.2
100 _a不详
245 _a张姐姐讲故事
_c
260 _a
_b合力有限公司
_c
300 _b
490 _a21世纪丛书(中低年级)
650 _a
942 _cBK
_o308.9 ESY-3 v.1 c.2
999 _c43741
_d43731